LEADER 00408nab a2200133 i 4500 001 000000311265 003 CaOOAMICUS 005 20180831173029.0 008 180831n xx uu u0 0und r 013 $a20354 040 $aSeMil$bita 245 13$aLa Volgata e il Concilio di Trento. 773 0 $t[Luglio-Dicembre].$g97-119, 220-224$w()274176 996 $6245$aLa Volgata e il Concilio di Trento$9(OLS)http://semarc/title/385899 LEADER 01003nam a2200229 i 4500 001 000000235762 003 CaOOAMICUS 005 20141113000000.0 008 141113s1844 it u000 u fre u 013 $a214666 040 $aSeMil$bita 100 1 $aArtaud de Montor, Alexis François.$0(OLS)http://semarc/name/14184 245 10$aHistoire du Pape Pie 8. /$cpar M. Le Chevalier Artaud de Montor ... ; ouvrage faisant suite aux Histoires de Pie 7. et de Léon 12., par le même auteur. 260 $aParis :$bLibrairie d'Adrien Le Clere et C.,$c1844. 300 $aXL, 469 p. ;$c23 cm. 600 04$aPio VIII .$0(OLS)http://semarc/subject/4918 850 $aSeMil 852 $aSeMil$W1$xVenegono$y1$m3B III 97 FA$j186108$B186108$CSeMilBibl$Z2$F196963 $8I 941 1 $a10 961 $aRecupero: Mantegazza 996 $6245$aHistoire du Pape Pie 8.$9(OLS)http://semarc/title/336015 996 $6260$aParis :$bLibrairie d'Adrien Le Clere et C.$9(OLS)http://semarc/publisher/31345